| 000 | 02363nam a2200241Ia 4500 | ||
|---|---|---|---|
| 003 | Ost | ||
| 005 | 20260507075338.0 | ||
| 008 | 260507s9999||||xx |||||||||||||| ||und|| | ||
| 020 | _a9789957525361 | ||
| 040 | _cfsecg | ||
| 041 | _aara | ||
| 082 | _a330 | ||
| 100 |
_aالقريوتي، محمد _eمؤلف |
||
| 245 | 0 |
_aالتحديات التي تواجه منظمات الأعمال المعاصرة : _bالأزمة المالية والعالمية والأفاق المستقبلية / _c محمد القريوتي |
|
| 260 |
_aعمان: _bمكتبة المجتمع العربي, _c2011 |
||
| 300 |
_a541 صفحة؛ _bإيضاحات ؛ _c25 سم |
||
| 520 | _aمنهج الدعوة الاسلامية في تأصيل أخلاقيات الامال و المسؤولية الاجتماعية ، الفساد الاداري و الشفافية ، ادارة التغيير و التطوير الاداري في منظمات الاعمال ، دور الشفافية في الحد من الحد من الفساد الاداري ، اثر القيادة التحويلية في الولاء نحو التغيير ، مدى مشاركة الادارة الوسطى في استراتيجية البنوك العاملة فيها ، تأثير ادارة الأزمات على كيفية مواجهتها و التصدي لها ، أثر اخلاقيات الاعمال و المسؤولية الاجتماعية على أداء الشركات المساهمة العامة الأردنية ، ادارة التغيير وفقا لاتجاهات المديرين في قطاع الاتصالات الأردني ، الرقابة الادارية الخارجية و دورها في تجنب الازمات : التجربة الاردنية ، أساليب قياس و تحليل المخاطر في منظمات الأعمال ، تحليل تطور الانتاج في المنشأة الصناعية الاردنية الصغيرة خلال الفترة 2001 ــ 2006 أثر الثقة التنظيمية في قياس الأداء الاستراتيجي باستخدام نموذج بطاقة العلامات المتوازنة | ||
| 653 | _aادارة الاعمال | ||
| 653 | _aالازمات الاقتصادية | ||
| 653 | _aمنظمات أصحاب العمل | ||
| 700 |
_aالعبادي، سمير _eمؤلف ثانوي |
||
| 942 | _cكتاب | ||
| 999 |
_c44067 _d44067 |
||